000 01393nam a2200217Ia 4500
003 Ost
005 20260507075718.0
008 260507s9999||||xx |||||||||||||| ||und||
020 _a9789931602408
040 _cfsecg
041 _aara
082 _a338.54
100 _aقالون، جيلالي
_eمؤلف
245 0 _aإدارة الصراعات والأزمات في المؤسسة الاقتصادية /
_c جيلالي قالون
260 _aالجزائر:
_bدار الكتاب العربي,
_c2017
300 _a166 صفحة؛
_bإيضاحات ؛
_c24 سم
504 _aمراجع ص.156
520 _aمقدمة عامة، دراسة وتحليل المحيط الخارجي والداخلي للمؤسسة الاقتصادية، إدارة الصراع التنظيمي، الاطار المفاهيمي له، وأسبابه، ومراحل الصراع التنظيمي، كذلك مستوياته والآثار والاستراتيجيات ادارة الصراع التنظيمي، والمنهج الاسلامي في التعامل مع الصراعات، بالإضافة إلى إدارة الأزمات، مدخل عام حول أزمات في المؤسسات، وادارتهاوالنموذج الاسلامي لإدارة الأزمات، وأخيرا الإدارة بالأزمات.
653 _aالأزمات الاقتصادية
942 _cكتاب
999 _c45928
_d45928